The Land Registration (Amendment) Rules 2008 (Record no. 108557)

MARC details
000 -LEADER
fixed length control field 01695cad a22002415a 4500
001 - CONTROL NUMBER
control field L144611
008 - FIXED-LENGTH DATA ELEMENTS--GENERAL INFORMATION
fixed length control field 080730e20080717xxk f lf000 0 eng d
035 ## - SYSTEM CONTROL NUMBER
System control number (Sirsi) u144611
041 0# - LANGUAGE CODE
Language code of text/sound track or separate title eng
050 04 - LIBRARY OF CONGRESS CALL NUMBER
Classification number 346.41043 $2 18
110 2# - MAIN ENTRY--CORPORATE NAME
Corporate name or jurisdiction name as entry element United Kingdom
Form subheading Laws, etc.
9 (RLIN) 5044
245 04 - TITLE STATEMENT
Title The Land Registration (Amendment) Rules 2008
Medium [electronic resource]
260 ## - PUBLICATION, DISTRIBUTION, ETC.
Place of publication, distribution, etc. London
Name of publisher, distributor, etc. OPSI
Date of publication, distribution, etc. 2008
505 2# - FORMATTED CONTENTS NOTE
Formatted contents note Citation -- Commencement -- Interpretation -- Amendments to the principal rules -- Use of old forms -- Provision consequential upon revocation of rule 8(1)(i) -- Schedule 1: amendments to parts 1 to 10 and 13 to 16 of the principal rules -- Schedule 2: substituted schedule 1 to the principle rules -- Schedule 3: amendments to schedule 3 to the principle rules -- Schedule 4: substituted schedule 4 to the principle rules -- Schedule 5: amendments to schedule 6 to the principle rules -- Schedule 6: amendments to schedule 9 to the principle rules
520 ## - SUMMARY, ETC.
Summary, etc. Makes changes to the rules that make detailed provision for land registration in England and Wales under powers contained in the Land Registration Act 2002. Comes into force on 10 November 2008. Paragraph 40 of Schedule 1 (new rule 111) shall come into force on the day that section 869 of the Companies Act 2006(4) comes into force.
521 ## - TARGET AUDIENCE NOTE
Target audience note Advanced
650 24 - SUBJECT ADDED ENTRY--TOPICAL TERM
Topical term or geographic name entry element LAND REGISTRATION (AMENDMENT) RULES 2008
650 24 - SUBJECT ADDED ENTRY--TOPICAL TERM
Topical term or geographic name entry element LAND REGISTRATION ACT 2002
651 #4 - SUBJECT ADDED ENTRY--GEOGRAPHIC NAME
Geographic name England and Wales
Chronological subdivision 1543-
690 ## - LOCAL SUBJECT ADDED ENTRY--TOPICAL TERM (OCLC, RLIN)
Topical term or geographic name as entry element PROPERTY-PROPERTY ACQUISITION AND DISPOSAL-REGISTRATION OF TITLE TO PROPERTY
856 48 - ELECTRONIC LOCATION AND ACCESS
Uniform Resource Identifier <a href="https://www.opsi.gov.uk/si/si2008/uksi_20081919_en_1">https://www.opsi.gov.uk/si/si2008/uksi_20081919_en_1</a>
Public note View the item free of charge at www.opsi.gov.uk...
942 ## - ADDED ENTRY ELEMENTS (KOHA)
Suppress in OPAC 0
Holdings
Withdrawn status Lost status Source of classification or shelving scheme Damaged status Not for loan Home library Current library Shelving location Date acquired Total Checkouts Full call number Barcode Date last seen Copy number Price effective from Koha item type
    Dewey Decimal Classification     Virtual Virtual Online 30/07/2008   ONLINE PUBLICATION 144611-1001 06/08/2019 1 06/08/2019 Book